| 000 | 00788nam a2200229Ii 4500 | ||
|---|---|---|---|
| 003 | JO-AjNU | ||
| 008 | 230605s9999||||xx |||||||||||||| ||und|| | ||
| 017 | _a2013/4/1193 | ||
| 020 | _a978-9957-561-40-6 | ||
| 040 |
_aJO-AjNU _bara _erda _cJO-AjNU |
||
| 041 | _aara | ||
| 050 | 1 | 4 | _aJQ1833.A3922.2013 |
| 100 | 3 |
_aالعدوان، عبد الحليم مناع أبو العماش , _eauthor _945911 |
|
| 245 | 0 | 0 | _aالتحول الديمقراطي في الأردن 1989-2005 |
| 250 | _aط1 | ||
| 264 | 3 | 1 | _aعمان : الصايل للنشر ، 2013 |
| 300 | _a476ص | ||
| 336 |
_atext _btxt _2rdacontent |
||
| 337 |
_aunmediated _bn _2rdamedia |
||
| 338 |
_avolume _bnc _2rdacarrier |
||
| 650 | 4 |
_aالديمقراطية -- الأنظمة السياسية -- الاردن _945912 |
|
| 999 |
_aA19935 _c23503 _d23503 |
||